000 00580nam a22001817a 4500
005 20170904134111.0
010 _aENG-120212
020 _a9788182930384
_c950.00
035 _aEN-103744
037 _bDBAD/PUB
082 _a612.74
100 _aKrishnamurthy ,Aishwarya
245 _aMolecular cell motility and shapes /
_cby Aishwarya Krishnamurthy /
260 _aNew Delhi
_bInternational scientific publishing academy
_c2011
270 _a4594/9,Daryaganj New Delhi 110002
300 _axii,279p.:
_c22cm.(Hb)
_bill.:
942 _2ddc
_cEN
_h612.74
_mKRI
999 _c144008
_d144008